| 000 | 00563nam a2200157 a 4500 | ||
|---|---|---|---|
| 008 | 120416s0000 ||||||||||||||||| || u | ||
| 020 | _a0821325930 | ||
| 050 | _aIBRD(08)TP | ||
| 100 | _aKingsley, G. Thomas | ||
| 245 | 1 | 0 | _aManaging urban environmental quality in Asia |
| 246 | _aG. Thomas Kingsley [and others] | ||
| 260 |
_aWashington, D. C. _bWorld Bank _c1994 |
||
| 300 | _aviii, 102p. : ill. | ||
| 350 | _a0.00 | ||
| 995 |
_D0.00 _FCBU-MAIN LIBRARY (Kitwe) _H1 _I0.00 _UAVAILABLE _ZInternational Publications |
||
| 999 |
_c50252 _d50252 |
||